000 01135cam a2200265 i 4500
005 20160218164619.0
008 000524s1999 xxua r r 0011engnd d
020 _a0878934049
020 _a0878934057 (CDRom)
040 _ala
_cla
_dCO-BoIAVH
041 0 _aeng
082 0 4 _a580.12
_bJ92p
100 1 _aJudd, Walter
245 1 0 _aPlant systematics :
_ba phylogenetic approach /
_cWalter Judd y (otros tres autores más).
260 _aSunderland (Massachusetts) :
_bSinauer Associates,
_c1999.
300 _axvi, 464 páginas :
_bilustraciones ;
_c29 cm. +
_e1 CD-Rom.
500 _aIndice taxonómico p. 441.
500 _aCd-Rom contiene el programa: Plant systematics 1.0. Contiene más de 650 fotografías que ilustran las familias cubiertas en el texto. Incluye instrucciones de instalación para windows y Macintosh.
504 _aIncluye referencias bibliográficas e índice.
650 1 4 _aBotánica
_x Clasificación.
651 2 4 _aPlantas
_xIdentificación
700 1 _aCampbell, Christopher S.,
_eautor.
700 1 _aKellog, Elizabeth A.
_eautor.
942 _2ddc
_cLIBRO
999 _c1457
_d1457